| 000 | 00682cam a22002411 4500 | ||
|---|---|---|---|
| 001 | 10315238 | ||
| 003 | OSt | ||
| 005 | 20150408114010.0 | ||
| 008 | 750904s1962 mauf 000 0 eng | ||
| 010 | _a 62051712 | ||
| 035 | _a(OCoLC)1597470 | ||
| 040 |
_aDLC _cOClU _dOCoLC _dDLC |
||
| 042 | _apremarc | ||
| 050 | 0 | 0 |
_aPR2664 _b.A1 1962 |
| 082 | _a822.3 | ||
| 100 | 1 |
_aMarlowe, Christopher, _d1564-1593. _99947 |
|
| 245 | 1 | 0 |
_aDoctor Faustus. _cEdited by John D. Jump. |
| 260 |
_aCambridge, _bHarvard University Press, _c1962. |
||
| 300 |
_alxv, 145 p. _bplate. _c21 cm. |
||
| 490 | 0 | _aThe Revels plays | |
| 700 | 1 |
_aJump, John Davies, _d1913- _eed. _99948 |
|
| 942 |
_2ddc _cBOOK |
||
| 999 |
_c21069 _d255569 |
||